DATA STRUCTURES A PROGRAMMING APPROACH WITH C (Record no. 532028)
[ view plain ]
| 000 -LEADER | |
|---|---|
| fixed length control field | 00471nam a22001817a 4500 |
| 003 - CONTROL NUMBER IDENTIFIER | |
| control field | NUST |
| 005 - DATE AND TIME OF LATEST TRANSACTION | |
| control field | 20191106141748.0 |
| 008 - FIXED-LENGTH DATA ELEMENTS--GENERAL INFORMATION | |
| fixed length control field | 191106b ||||| |||| 00| 0 eng d |
| 020 ## - INTERNATIONAL STANDARD BOOK NUMBER | |
| International Standard Book Number | 8120350294 |
| 024 ## - OTHER STANDARD IDENTIFIER | |
| Standard number or code | 9788120350298 |
| 038 ## - RECORD CONTENT LICENSOR | |
| Staff Name | MSOHAIL |
| 082 ## - DEWEY DECIMAL CLASSIFICATION NUMBER | |
| Classification number | 0 |
| 100 ## - MAIN ENTRY--PERSONAL NAME | |
| Personal name | DHARMENDER SINGH KUSHWAHA |
| 9 (RLIN) | 25289 |
| 245 ## - TITLE STATEMENT | |
| Title | DATA STRUCTURES A PROGRAMMING APPROACH WITH C |
| 260 ## - PUBLICATION, DISTRIBUTION, ETC. | |
| Place of publication, distribution, etc. | New Delhi |
| Name of publisher, distributor, etc. | PHI Learning Pvt. Ltd., |
| Date of publication, distribution, etc. | c 2014 |
| 300 ## - PHYSICAL DESCRIPTION | |
| Extent | p;728 |
| 942 ## - ADDED ENTRY ELEMENTS (KOHA) | |
| Source of classification or shelving scheme | |
| Koha item type | Book |
| Withdrawn status | Lost status | Source of classification or shelving scheme | Damaged status | Not for loan | Permanent Location | Current Location | Date acquired | Total Checkouts | Barcode | Date last seen | Price effective from | Koha item type |
|---|---|---|---|---|---|---|---|---|---|---|---|---|
| School of Civil and Environmental Engineering (SCEE) | School of Civil and Environmental Engineering (SCEE) | 11/06/2019 | NIT-11939 | 11/06/2019 | 11/06/2019 | Book |
